Maestro de excelencia / (Record no. 162913)

MARC details
000 -CABECERA
campo de control de longitud fija 00635nam a2200217 u 4500
005 - FECHA Y HORA DE LA ÚLTIMA TRANSACCIÓN
campo de control 20240425063941.0
008 - ELEMENTOS DE LONGITUD FIJA--INFORMACIÓN GENERAL
campo de control de longitud fija 130423s1995 r 000 0 eng d
020 ## - NÚMERO INTERNACIONAL NORMALIZADO PARA LIBROS
Número Internacional Estándar del Libro 9700310574
035 ## - NÚMERO DE CONTROL DEL SISTEMA
Número de control de sistema UPN01000190810
049 ## - COLECCIÓN
Colección CG
050 #4 - SIGNATURA TOPOGRÁFICA DE LA BIBLIOTECA DEL CONGRESO
Número de clasificación LB2840
Número de documento/Ítem M3.4
245 00 - MENCIÓN DE TÍTULO
Título Maestro de excelencia /
Mención de responsabilidad, etc. comp. José P. Berrum de Labra.
260 ## - PUBLICACIÓN, DISTRIBUCIÓN, ETC.
Lugar de publicación, distribución, etc. México :
Nombre del editor, distribuidor, etc. Fernández,
Fecha de publicación, distribución, etc. 1995.
300 ## - DESCRIPCIÓN FÍSICA
Extensión 184 p. :
Otras características físicas il.
650 #7 - ASIENTO SECUNDARIO DE MATERIA - TERMINO TEMATICO
Término de materia o nombre geográfico como elemento de entrada Maestros
Subdivisión general Apreciación
Fuente del encabezamiento o término
9 (RLIN) 739
650 #4 - ASIENTO SECUNDARIO DE MATERIA - TERMINO TEMATICO
Término de materia o nombre geográfico como elemento de entrada MAESTROS -
Subdivisión geográfica MEXICO -
Subdivisión de forma BIBLIOGRAFIA
9 (RLIN) 831
650 #4 - ASIENTO SECUNDARIO DE MATERIA - TERMINO TEMATICO
Término de materia o nombre geográfico como elemento de entrada Enseñanza
9 (RLIN) 6215
700 1# - ASIENTO SECUNDARIO--NOMBRE DE PERSONAL
Nombre de persona Berrum de Labra, José P.,
Término indicativo de función/relación comp.
9 (RLIN) 34857
905 ## - TIPO DE MATERIAL
Tipo de material Libro
Holdings
Estado de retiro Estado de pérdida Fuente del sistema de clasificación o colocación Estado dañado No para préstamo Código de colección Localización permanente Ubicación/localización actual Ubicación en estantería Total de préstamos Clasificación Código de barras Fecha visto por última vez Número de copia Tipo de ítem Koha
    Library of Congress Classification     Colección General Bib. Gregorio Torres Quintero Bib. Gregorio Torres Quintero Planta baja 1 LB2840 M3.4 287772 31/12/2020 1 Libro